Normal view
MARC view
- Revano Jr., Teodoro F.,
Entry Personal Name
001 - CONTROL NUMBER
- control field: 6143
003 - CONTROL NUMBER IDENTIFIER
- control field: URS
005 - DATE AND TIME OF LATEST TRANSACTION
- control field: 20250113170312.0
008 - FIXED-LENGTH DATA ELEMENTS
- fixed length control field: 250113|| aca||aabn | a|a d
040 ## - CATALOGING SOURCE
- Original cataloging agency: URS
100 ## - HEADING--PERSONAL NAME
- Personal name: Revano Jr., Teodoro F.,
- Relator term: author.